000 00598nam a2200193Ia 4500
003 GCL
005 20240530105445.0
008 140319s9999 xx 000 0 ara d
040 _aGCL /
_cGCL
082 0 4 _a811.9
_bص ص
100 0 _aصلاح نيازى
245 1 0 _aالصهيل المعلب /
_cصلاح نيازى
260 _a[S.N] :
_bرياض الريس للكتب والنشر ،
_c1988
300 _a96 ص. ؛
_c20 سم.
490 0 _aالسلسلة الشعرية الاولى
_v0
650 0 4 _aالشعر العربى
650 0 4 _aدواوين وقصائد
942 _2ddc
_cBK
999 _c56222
_d56222